Click to translate - Proto-Indo-European - #2 - Statistics

General Stats
  • This quiz has been taken 52 times
  • The average score is 18 of 29
Answer Stats
Hint Answer % Correct
*yeh₁r year
96%
*gʰóstis guest
84%
*domo house
84%
*h₂melǵ milk
84%
*lewbʰ to love
84%
*steh₂ to stand
84%
*túh₂ you
84%
*h₁me me
80%
*uksḗn ox
80%
*webʰ to weave
80%
*medʰyo middle
76%
*séh₂ls salt
76%
*dʰwer door
72%
*káput head
72%
*swep to sleep
68%
*ǵʰh₂éns goose
64%
*ḱweyt white
64%
*ḱm̥tóm hundred
60%
*h₂(e)rmós arm
56%
*semh₂ summer
56%
*(s)táwros bull
48%
*upér(i) over
48%
*h₂wĺ̥h₁neh₂ wool
44%
*sámh₂dʰos sand
40%
*krep body
36%
*meǵ big
28%
*pótis master
28%
*h₂éwsōs dawn
24%
*H₂ous ear
20%
No matching quizzes found
Score Distribution
Percent of People with Each Score
Percentile by Number Answered
Your Score History
You have not taken this quiz